000 00661nam a2200181 a 4500
008 090316s2004 ||||||||||||||||| || u
020 _a0540087149
050 _aG 1021 Roy
110 _aRoyal Geographical Society
245 1 0 _aPhilip's Canadian world atlas
_cThe Royal Geographical Society in association with the Institute of British Geogrphers
260 _aLondon
_bPhilips
_c2004
300 _aviii, 224p.
350 _a0.00
650 _aMAPS
650 _aCANADA--MAPS
650 _aATLASES, CANADIAN
995 _D0.00
_FCBU-MAIN LIBRARY (Kitwe)
_H1
_I0.00
_M1
_UREFERENCE
_WApr 16, 2009
_ZReference Collection
999 _c53481
_d53481